Esthetique des proportions dans la nature et dans les arts
Αποθηκεύτηκε σε:
| Κύριος συγγραφέας: | |
|---|---|
| Μορφή: | Βιβλίο |
| Γλώσσα: | French |
| Δημοσίευση: |
Paris :
Gallimard,
c1927
|
| Έκδοση: | 11e ed. |
| Θέματα: | |
| Ετικέτες: |
Προσθήκη ετικέτας
Δεν υπάρχουν, Καταχωρήστε ετικέτα πρώτοι!
|
MARC
| LEADER | 00000cam a2200000 i 4500 | ||
|---|---|---|---|
| 001 | 1/6359 | ||
| 008 | 100412s1927 fre d | ||
| 035 | |l 10107483 | ||
| 040 | |a GR-MY-UA |b gre |e aacr | ||
| 041 | 0 | |a fre | |
| 082 | 0 | |a 701.8 |2 (22) | |
| 100 | 1 | |a Ghyka, Matila C. |q (Matila Costiescu), |d 1881-1965. | |
| 245 | 1 | 0 | |a Esthetique des proportions dans la nature et dans les arts / |c Matila C. Ghyka |
| 250 | |a 11e ed. | ||
| 260 | |a Paris : |b Gallimard, |c c1927 | ||
| 300 | |a 452 σ.; |b σχέδια; |c 19 εκ. | ||
| 504 | |a Περιέχει ευρετήριο | ||
| 650 | 0 | 0 | |a Proportion (Art) |
| 650 | 0 | 0 | |a Visual perception. |
| 852 | |a INST |b SAMOS |c MAG |e 20100412 |h 701.8 GHY |p 005300032046 |q 005300032046 |t BK |y 0 | ||
| 901 | |a BIBL3-2010-1 | ||
| 909 | |a Σ |b 162153 | ||
| 970 | |a ΡΟΥΣΣΟΥ |b ΚΩΝΣΤΑΝΤΙΝΑ |z 2010/04/12 | ||